Datum a čas kvízu
24
Celkem bodů
Celkový počet nahraných bodů na tomto kvízu bez doplňovacích otázek.
8.
Pořadí na kvízu
Konečné umístění týmu na tomto kvízu.
Zaznamenané odpovědi
| # | Otázka | Odpověď | Body | Výsledky |
|---|---|---|---|---|
| 1. | Minulé úterý jsme si mohli pov... | autismus, modrá barva | 1 | |
| 2. | Mezi Botswanou a jedním evrops... | o Německu | 1 | |
| 3. | V úterý začal vysílat v Česku... | Warner TV | 0 | |
| 4. | Od 1. 4. 2024 se mění podmínky... | A | 0 | |
| 5. | Začátkem týdne dostal generáln... | o basketbalu | 0 | |
| 6. | Nobelovu cenu za objev krevníc... | Jan Janský | 1 | |
| 7. | Kterým slovem na M se označuje... | menarche/menarché | 0 | |
| 8. | Vyberte pravdivé tvrzení: | D | 0 | |
| 9. | Hemofilie je geneticky podmíně... | Alexej; chromozom X | 0 | |
| 10. | Uveďte rodové jméno zvířete, p... | makak (makak rhesus) | 0 |